[Event "Landesklasse West 2015/2016"]
[Site "?"]
[Date "2016.04.17"]
[Round "8"]
[White "Kurze, Christoph"]
[Black "Schlick, Stefan"]
[Result "1-0"]
[WhiteElo "1851"]
[BlackElo "1815"]
[PlyCount "105"]
[EventDate "2016.??.??"]
[WhiteTeam "SV Ammern"]
[BlackTeam "Schachclub 1998 Gotha"]

1. e4 c6 2. d4 d5 3. Nc3 dxe4 4. Nxe4 Bf5 5. Ng3 Bg6 6. h4 h6 7. h5 Bh7 8. Nf3
Nd7 9. Bd3 Bxd3 10. Qxd3 e6 11. Bd2 Qc7 12. O-O-O Ngf6 13. Ne4 O-O-O 14. g3
Nxe4 15. Qxe4 Bd6 16. Kb1 Nf6 17. Qe2 c5 18. c3 c4 19. Ne5 b5 20. f4 Nd5 21.
Rde1 Rhe8 22. Qg4 f6 23. Ng6 f5 24. Qf3 Nf6 25. Rh2 Ne4 26. Re3 Qc6 27. Be1 Rd7
28. Rhe2 a5 29. g4 Qd5 30. Rxe4 fxe4 31. Qxe4 Bc7 32. f5 Bd8 33. fxe6 Qxe4+ 34.
Rxe4 Rd6 35. e7 Bc7 36. a4 bxa4 37. Bh4 Rd5 38. Ka2 Bd6 39. Re6 a3 40. bxa3 Kc7
41. a4 Bb4 42. cxb4 axb4 43. Bg3+ Kd7 44. Nf8+ Kc8 45. Rc6+ Kb7 46. Rc7+ Ka6
47. Ne6 Ka5 48. Be5 Kxa4 49. Nxg7 c3 50. Nxe8 b3+ 51. Kb1 Kb4 52. Nf6 Ra5 53.
Bd6+ 1-0

[Event "Landesklasse West 2015/2016"]
[Site "?"]
[Date "2016.04.17"]
[Round "8"]
[White "Reucker, Friedrich"]
[Black "Breuer, Harald"]
[Result "1/2-1/2"]
[WhiteElo "1685"]
[BlackElo "1868"]
[PlyCount "27"]
[EventDate "2016.??.??"]
[WhiteTeam "Schachclub 1998 Gotha"]
[BlackTeam "SV Ammern"]

1. c4 Nf6 2. g3 g6 3. Bg2 Bg7 4. Nc3 O-O 5. Nf3 d5 6. cxd5 Nxd5 7. O-O c6 8. d4
Nd7 9. Nxd5 cxd5 10. Bf4 Nb6 11. b3 Bf5 12. Rc1 Rc8 13. Qd2 Qd7 14. Qa5 1/2-1/2

[Event "Landesklasse West 2015/2016"]
[Site "?"]
[Date "2016.04.17"]
[Round "8"]
[White "Salaske, Peter"]
[Black "Funke, Johannes"]
[Result "1/2-1/2"]
[WhiteElo "1830"]
[BlackElo "1570"]
[PlyCount "30"]
[EventDate "2016.??.??"]
[WhiteTeam "SV Ammern"]
[BlackTeam "Schachclub 1998 Gotha"]

1. e4 c5 2. Nf3 d6 3. c3 Nf6 4. Be2 Nc6 5. d4 cxd4 6. cxd4 Nxe4 7. d5 Qa5+ 8.
Nc3 Nxc3 9. bxc3 Nb8 10. O-O Nd7 11. c4 g6 12. Bb2 Nf6 13. Bd3 Bg7 14. Re1 Qc7
15. Qe2 O-O 1/2-1/2

[Event "Landesklasse West 2015/2016"]
[Site "?"]
[Date "2016.04.17"]
[Round "8"]
[White "Gast, Rainer"]
[Black "Lesser, Thomas"]
[Result "1-0"]
[WhiteElo "1839"]
[BlackElo "1856"]
[PlyCount "63"]
[EventDate "2016.??.??"]
[WhiteTeam "SV Breitenworbis"]
[BlackTeam "SV Schmalkalden 04"]

1. d4 d5 2. c4 c6 3. Nc3 Nf6 4. Nf3 e6 5. Bg5 Be7 6. e3 h6 7. Bh4 O-O 8. Rc1
Nbd7 9. Bd3 Re8 10. O-O Nh5 11. Bxe7 Qxe7 12. Ne5 Nxe5 13. dxe5 g6 14. f4 dxc4
15. Bxc4 Rd8 16. Qe2 b6 17. Ne4 f5 18. Nd6 Ng7 19. Qf3 Bd7 20. Rfd1 Ne8 21. Rd2
Nxd6 22. Rxd6 Rdc8 23. Rcd1 Rc7 24. R1d2 Re8 25. e4 c5 26. exf5 gxf5 27. Qd3
Bc8 28. Qxf5 Kh8 29. Qg6 h5 30. Qxh5+ Kg7 31. R2d3 Rg8 32. Rg3+ 1-0

[Event "Landesklasse West 2015/2016"]
[Site "?"]
[Date "2016.04.17"]
[Round "8"]
[White "Bamberg, Alexander"]
[Black "Bötticher, Heinz-Wilfried"]
[Result "1/2-1/2"]
[WhiteElo "1865"]
[BlackElo "1819"]
[PlyCount "120"]
[EventDate "2016.??.??"]
[WhiteTeam "SV Schmalkalden 04"]
[BlackTeam "SV Breitenworbis"]

1. e4 e5 2. Nf3 Nc6 3. Nc3 Nf6 4. d4 exd4 5. Nxd4 Bb4 6. Nxc6 bxc6 7. Bd3 d5 8.
exd5 cxd5 9. O-O O-O 10. Bg5 Be6 11. Qf3 Be7 12. h3 Rb8 13. b3 h6 14. Bh4 Rb4
15. Bg3 Bd6 16. Bxd6 Qxd6 17. Rad1 Rf4 18. Qg3 Nh5 19. Qh2 Qc5 20. Ne2 Rh4 21.
Kh1 d4 22. f3 g5 23. g4 Kg7 24. Kg2 Nf6 25. Qg1 Nd5 26. Qxd4+ Qxd4 27. Nxd4
Ne3+ 28. Kg3 Nxd1 29. Nxe6+ fxe6 30. Rxd1 h5 31. Bc4 hxg4 32. hxg4 Rh6 33. Rd7+
Rf7 34. Rxf7+ Kxf7 35. Bd3 e5 36. Kf2 Ke6 37. Ke3 Rh1 38. Be4 Ra1 39. a4 Rd1
40. Bd3 Re1+ 41. Kd2 Ra1 42. Be4 Kd6 43. Kc3 a5 44. Kc4 c6 45. Kc3 Kc5 46. Bg6
Rd1 47. Bh7 Rh1 48. Be4 Rh2 49. Bg6 Re2 50. Kd3 Rf2 51. Be4 Rf1 52. Kc3 Re1 53.
Kd3 Kd6 54. Kd2 Rf1 55. Kd3 Kc5 56. Kc3 Re1 57. Kd3 Rd1+ 58. Kc3 Rd4 59. Bg6
Kd5 60. Bf7+ Kc5 1/2-1/2

[Event "Landesklasse West 2015/2016"]
[Site "?"]
[Date "2016.04.17"]
[Round "8"]
[White "Hellrung, Bernhard"]
[Black "Krannich, Steffen"]
[Result "0-1"]
[WhiteElo "1865"]
[BlackElo "1814"]
[PlyCount "144"]
[EventDate "2016.??.??"]
[WhiteTeam "SV Breitenworbis"]
[BlackTeam "SV Schmalkalden 04"]

1. e4 d5 2. exd5 Nf6 3. Bb5+ Bd7 4. Bc4 Bg4 5. f3 Bf5 6. Nc3 Nbd7 7. Nge2 Nb6
8. Bb3 Nfxd5 9. Nxd5 Nxd5 10. d4 e6 11. O-O Bd6 12. c4 Nf6 13. Bf4 Bxf4 14.
Nxf4 Qd6 15. Qd2 O-O-O 16. Ne2 h5 17. Kh1 h4 18. Rad1 Nh5 19. Kg1 Rh6 20. Qe3
Rg6 21. d5 Bh3 22. Rf2 b6 23. Kh1 Bf5 24. Nd4 Qf4 25. Qxf4 Nxf4 26. Nc6 Re8 27.
Nxa7+ Kb7 28. Nc6 exd5 29. cxd5 Rd6 30. Rfd2 Bd7 31. Nb4 Bb5 32. a4 Be2 33. Re1
Rg6 34. Bd1 Rxg2 35. Bxe2 Rgxe2 36. Rdxe2 Rxe2 37. Rxe2 Nxe2 38. Kg2 Nd4 39.
Kf2 Kc8 40. Ke3 Nf5+ 41. Kf4 g6 42. Ke5 Kd7 43. Nc6 Ne3 44. Ke4 Nf1 45. Ne5+
Ke7 46. Kf4 Nxh2 47. b4 g5+ 48. Ke3 f6 49. a5 bxa5 50. bxa5 Kd8 51. a6 Kc8 52.
Nc6 g4 53. Ne7+ Kb8 54. fxg4 Nxg4+ 55. Kf4 h3 56. Nc6+ Ka8 57. Kg3 h2 58. Kg2
f5 59. Nd4 f4 60. Nf3 Ka7 61. Nxh2 Nxh2 62. Kxh2 Kxa6 63. Kg2 Kb6 64. Kf3 Kc5
65. Ke4 f3 66. Kxf3 Kxd5 67. Ke2 Kc4 68. Kd2 Kb3 69. Kc1 Kc3 70. Kd1 c5 71. Kc1
c4 72. Kb1 Kd2 0-1

[Event "Landesklasse West 2015/2016"]
[Site "?"]
[Date "2016.04.17"]
[Round "8"]
[White "Vergin, Marcel"]
[Black "Wissel, Daniel"]
[Result "1-0"]
[WhiteElo "1811"]
[BlackElo "1801"]
[PlyCount "43"]
[EventDate "2016.??.??"]
[WhiteTeam "SV Breitenworbis"]
[BlackTeam "SV Schmalkalden 04"]

1. d4 Nf6 2. Nf3 e6 3. Bf4 b6 4. Nbd2 Bb7 5. e3 d5 6. Bd3 c5 7. c3 Nc6 8. Ne5
c4 9. Bc2 b5 10. a3 a5 11. O-O Bd6 12. Qf3 Qc7 13. Qg3 Nh5 14. Qg4 Nxf4 15.
exf4 O-O 16. Ndf3 b4 17. axb4 axb4 18. Bxh7+ Kxh7 19. Qh5+ Kg8 20. Ng5 Rfe8 21.
Nexf7 Kf8 22. Nxd6 1-0

[Event "Landesklasse West 2015/2016"]
[Site "?"]
[Date "2016.04.17"]
[Round "8"]
[White "Himmel, Matthias"]
[Black "Leibeling, Lucian"]
[Result "1/2-1/2"]
[WhiteElo "1564"]
[BlackElo "1830"]
[PlyCount "27"]
[EventDate "2016.??.??"]
[WhiteTeam "SV Schmalkalden 04"]
[BlackTeam "SV Breitenworbis"]

1. d4 d5 2. e3 e6 3. Bd3 Nf6 4. Nd2 c5 5. c3 Nc6 6. f4 g6 7. Ngf3 cxd4 8. exd4
Bg7 9. O-O O-O 10. Ne5 Bd7 11. Qe2 a6 12. Ndf3 Ne7 13. a4 Nf5 14. Bxf5 1/2-1/2

[Event "Landesklasse West 2015/2016"]
[Site "?"]
[Date "2016.04.17"]
[Round "8"]
[White "Biel, Peter"]
[Black "Röder, Detlef"]
[Result "1/2-1/2"]
[WhiteElo "1666"]
[BlackElo "1644"]
[PlyCount "58"]
[EventDate "2016.??.??"]
[WhiteTeam "SV Breitenworbis"]
[BlackTeam "SV Schmalkalden 04"]

1. e4 c6 2. d4 d5 3. exd5 cxd5 4. c4 Nf6 5. Nc3 e6 6. Nf3 Nc6 7. c5 Be7 8. Be2
O-O 9. a3 b6 10. b4 bxc5 11. dxc5 e5 12. Bb5 Qc7 13. Nxd5 Nxd5 14. Qxd5 Bb7 15.
Bxc6 Bxc6 16. Qxe5 Qxe5+ 17. Nxe5 Bf6 18. f4 Rfe8 19. Kf2 Bxe5 20. fxe5 Rxe5
21. Bf4 Re4 22. Bd6 Rae8 23. Rae1 Rxe1 24. Rxe1 Rxe1 25. Kxe1 f6 26. g3 Kf7 27.
Kd2 Ke6 28. Kc3 Ba4 29. Kc4 a6 1/2-1/2

[Event "Landesklasse West 2015/2016"]
[Site "?"]
[Date "2016.04.17"]
[Round "8"]
[White "Minor, Viatcheslav"]
[Black "Kuntze, Andreas"]
[Result "0-1"]
[WhiteElo "1914"]
[BlackElo "2006"]
[PlyCount "92"]
[EventDate "2016.??.??"]
[WhiteTeam "SV Wartburgstadt Eisenach"]
[BlackTeam "Schachclub Rochade Leinefelde"]

1. e4 c5 2. c3 Qa5 3. Nf3 Nc6 4. Na3 e6 5. g3 d5 6. exd5 exd5 7. Qe2+ Be7 8.
Ne5 Be6 9. Nxc6 bxc6 10. Bg2 Nf6 11. O-O O-O 12. Nc2 Rfe8 13. d4 Qb6 14. dxc5
Bxc5 15. b4 Bd6 16. Be3 Qc7 17. Nd4 Bd7 18. Qd3 Ng4 19. Bd2 Ne5 20. Qc2 Nc4 21.
Rfe1 a5 22. Rxe8+ Rxe8 23. Re1 Rxe1+ 24. Bxe1 axb4 25. cxb4 Qb6 26. Nf3 Bxb4
27. Bxb4 Qxb4 28. h4 h6 29. Bf1 Qb2 30. Qa4 Qa3 31. Qxa3 Nxa3 32. Ne5 Be8 33.
Bg2 Kf8 34. Kf1 Ke7 35. Ke2 Kd6 36. f4 f6 37. Nd3 c5 38. Kd2 d4 39. Nc1 c4 40.
Ne2 Kc5 41. g4 c3+ 42. Nxc3 dxc3+ 43. Kxc3 Bf7 44. g5 Nb5+ 45. Kb2 Nd4 46. Be4
Ne2 0-1

[Event "Landesklasse West 2015/2016"]
[Site "?"]
[Date "2016.04.17"]
[Round "8"]
[White "Kachel, Alfred"]
[Black "Neef, Michael"]
[Result "1/2-1/2"]
[WhiteElo "1953"]
[BlackElo "1866"]
[PlyCount "49"]
[EventDate "2016.??.??"]
[WhiteTeam "Schachclub Rochade Leinefelde"]
[BlackTeam "SV Wartburgstadt Eisenach"]

1. c4 c6 2. e4 e5 3. Nf3 d6 4. d4 exd4 5. Nxd4 Nf6 6. Nc3 Be7 7. Be2 O-O 8. O-O
Qc7 9. Bf4 Na6 10. Bf3 Nc5 11. Rc1 Ne6 12. Nxe6 Bxe6 13. c5 Rfd8 14. Qe2 Ne8
15. b4 Qc8 16. Nd5 Qd7 17. Nxe7+ Qxe7 18. cxd6 Nxd6 19. Rc5 Nb5 20. Bg5 f6 21.
Be3 Nd4 22. Bxd4 Rxd4 23. Qb2 Rad8 24. Rfc1 Rd2 25. R5c2 1/2-1/2

[Event "Landesklasse West 2015/2016"]
[Site "?"]
[Date "2016.04.17"]
[Round "8"]
[White "Königsdörfer, Gerhard"]
[Black "Frank, Thomas"]
[Result "1-0"]
[WhiteElo "1897"]
[BlackElo "1883"]
[PlyCount "67"]
[EventDate "2016.??.??"]
[WhiteTeam "SV Wartburgstadt Eisenach"]
[BlackTeam "Schachclub Rochade Leinefelde"]

1. e4 c5 2. Nf3 e6 3. d4 cxd4 4. Nxd4 Nc6 5. Be2 Qc7 6. O-O Nf6 7. Nc3 a6 8.
Nxc6 dxc6 9. f4 Bb4 10. e5 Bxc3 11. bxc3 Nd5 12. Rf3 O-O 13. c4 Ne7 14. Bd3 g6
15. Qe1 Kg7 16. Rh3 Rh8 17. g4 Bd7 18. Qf2 c5 19. Be3 b6 20. Rf1 Rae8 21. Qg3
Qc8 22. Qh4 Ng8 23. f5 h6 24. fxg6 Rf8 25. Rhf3 Be8 26. Qf2 Qc7 27. gxf7 Rxf7
28. Rxf7+ Bxf7 29. Qf4 Qe7 30. Qg3 Be8 31. h4 b5 32. h5 bxc4 33. Be4 Bf7 34. g5
1-0

[Event "Landesklasse West 2015/2016"]
[Site "?"]
[Date "2016.04.17"]
[Round "8"]
[White "Pfitzenreuter, Gerald"]
[Black "Graupner, Markus"]
[Result "1/2-1/2"]
[WhiteElo "1865"]
[BlackElo "1700"]
[PlyCount "44"]
[EventDate "2016.??.??"]
[WhiteTeam "Schachclub Rochade Leinefelde"]
[BlackTeam "SV Wartburgstadt Eisenach"]

1. d4 d5 2. c4 e6 3. Nc3 c6 4. Nf3 Nf6 5. e3 Be7 6. Bd3 O-O 7. O-O Nbd7 8. e4
dxc4 9. Bxc4 b5 10. Bd3 b4 11. Na4 c5 12. e5 Nd5 13. dxc5 Qc7 14. Qc2 h6 15.
Qe2 Bb7 16. Qe4 N5f6 17. Qxb4 Nd5 18. Qe4 N5f6 19. Qf4 Nd5 20. Qg4 Nxe5 21.
Nxe5 Qxe5 22. Bd2 Nf6 1/2-1/2

[Event "Landesklasse West 2015/2016"]
[Site "?"]
[Date "2016.04.17"]
[Round "8"]
[White "Anschütz, Bernd"]
[Black "Seeboth, Paul"]
[Result "1/2-1/2"]
[WhiteElo "1728"]
[BlackElo "1807"]
[PlyCount "41"]
[EventDate "2016.??.??"]
[WhiteTeam "SV Wartburgstadt Eisenach"]
[BlackTeam "Schachclub Rochade Leinefelde"]

1. e4 d6 2. d3 Nf6 3. c4 g6 4. Nc3 Bg7 5. g3 O-O 6. Bg2 c6 7. Nge2 Nbd7 8. O-O
Qc7 9. Kh1 b6 10. d4 Ba6 11. b3 Rac8 12. Bb2 Bb7 13. Rc1 Qd8 14. f4 Ng4 15. Qd2
e5 16. h3 exd4 17. Nxd4 Ngf6 18. Nde2 Nc5 19. b4 Ne6 20. Rcd1 Re8 21. f5
1/2-1/2

[Event "Landesklasse West 2015/2016"]
[Site "?"]
[Date "2016.04.17"]
[Round "8"]
[White "Löffelholz, Christian"]
[Black "Ulbricht, Olaf"]
[Result "1-0"]
[WhiteElo "1642"]
[BlackElo "1571"]
[PlyCount "49"]
[EventDate "2016.??.??"]
[WhiteTeam "Schachclub Rochade Leinefelde"]
[BlackTeam "SV Wartburgstadt Eisenach"]

1. e4 e5 2. Nf3 Nc6 3. Bc4 d6 4. h3 Na5 5. Be2 a6 6. Nc3 Nf6 7. d4 exd4 8. Nxd4
g6 9. Bg5 Be7 10. Qd2 c5 11. Nf3 Nc6 12. Rd1 O-O 13. O-O Qb6 14. b3 Rd8 15.
Bxf6 Be6 16. Bxe7 Nxe7 17. Nd5 Nxd5 18. exd5 Bd7 19. Qh6 f6 20. Bd3 Be8 21. Qh4
Kg7 22. Rfe1 Qc7 23. Re6 Qf7 24. Rde1 Rd7 25. Nd2 1-0

[Event "Landesklasse West 2015/2016"]
[Site "?"]
[Date "2016.04.17"]
[Round "8"]
[White "Becker, Walter"]
[Black "Meysing, Gerhard"]
[Result "1/2-1/2"]
[WhiteElo "1475"]
[BlackElo "1487"]
[PlyCount "50"]
[EventDate "2016.??.??"]
[WhiteTeam "SV Wartburgstadt Eisenach"]
[BlackTeam "Schachclub Rochade Leinefelde"]

1. c4 e5 2. g3 Nf6 3. Bg2 c6 4. Nc3 Bc5 5. d3 h6 6. Be3 Bxe3 7. fxe3 Ng4 8. Qd2
d6 9. Nf3 Qb6 10. Nd1 Be6 11. b4 a5 12. Rb1 axb4 13. Rxb4 Qc7 14. h3 Nf6 15.
Nc3 Na6 16. Rb2 Nc5 17. Kf2 Bxc4 18. Nxe5 dxe5 19. dxc4 O-O 20. Qc2 Rfd8 21.
Rhb1 Ne8 22. Ne4 Nxe4+ 23. Bxe4 Nd6 24. Bf3 Ra7 25. c5 Nb5 1/2-1/2

[Event "Landesklasse West 2015/2016"]
[Site "?"]
[Date "2016.04.17"]
[Round "8"]
[White "Heddergott, Walter"]
[Black "Mekus, Stephanie"]
[Result "1/2-1/2"]
[WhiteElo "1584"]
[BlackElo "1541"]
[PlyCount "21"]
[EventDate "2016.??.??"]
[WhiteTeam "Schachclub Rochade Leinefelde"]
[BlackTeam "SV Wartburgstadt Eisenach"]

1. e4 e6 2. d4 d5 3. exd5 exd5 4. Be3 Nf6 5. h3 g6 6. Nf3 Bg7 7. Bd3 O-O 8. O-O
Ne4 9. c3 f5 10. Bf4 c6 11. Ne5 1/2-1/2

[Event "Thüringenliga 2015/2016"]
[Site "?"]
[Date "2016.03.13"]
[Round "7"]
[White "Recknagel, Michael"]
[Black "Hoffmann, Tim"]
[Result "1/2-1/2"]
[WhiteElo "2194"]
[BlackElo "2063"]
[PlyCount "100"]
[EventDate "2016.??.??"]
[WhiteTeam "SC Suhl"]
[BlackTeam "ESV Gera"]

1. e4 c5 2. Nf3 d6 3. Bb5+ Bd7 4. a4 a6 5. Bxd7+ Nxd7 6. O-O Ngf6 7. Qe2 Rc8 8.
d3 g6 9. Na3 Bg7 10. Nc4 b5 11. Na3 Qb6 12. axb5 axb5 13. c4 b4 14. Nb5 O-O 15.
Nh4 Ra8 16. Rb1 Ra2 17. f4 Ne8 18. Qg4 Qc6 19. Qh3 Nc7 20. Nxc7 Qxc7 21. Nf3
Rfa8 22. f5 Ra1 23. fxg6 hxg6 24. Ng5 Nf6 25. Be3 Rxb1 26. Rxb1 Qd7 27. Qf3 Qg4
28. h3 Qxf3 29. Nxf3 Nd7 30. b3 Ne5 31. Nxe5 Bxe5 32. Kf2 Ra2+ 33. Kf3 Kg7 34.
g3 Rc2 35. Bf2 g5 36. Be3 f6 37. h4 Kg6 38. hxg5 fxg5 39. g4 Rh2 40. Bf2 Bd4
41. Bxd4 cxd4 42. e5 dxe5 43. Ke4 Kf6 44. Kd5 Rd2 45. Rf1+ Kg6 46. Rf3 Re2 47.
Rf5 Re3 48. Rxe5 Rxd3 49. Rxe7 Rxb3 50. Kxd4 Rg3 1/2-1/2

[Event "Thüringenliga 2015/2016"]
[Site "?"]
[Date "2016.03.13"]
[Round "7"]
[White "Puschendorf, Steffen"]
[Black "Silberschlag, Jörg"]
[Result "0-1"]
[WhiteElo "2086"]
[BlackElo "2075"]
[PlyCount "84"]
[EventDate "2016.??.??"]
[WhiteTeam "ESV Gera"]
[BlackTeam "SC Suhl"]

1. d4 Nf6 2. c4 e6 3. g3 d5 4. Nf3 c6 5. Bg2 Bb4+ 6. Bd2 Bd6 7. Nc3 Nbd7 8. O-O
O-O 9. Bf4 Bxf4 10. gxf4 Nh5 11. e3 g6 12. b4 a6 13. c5 f6 14. Kh1 Qc7 15. Rg1
Kh8 16. Bf1 Rf7 17. Be2 Nf8 18. a4 Ng7 19. b5 a5 20. bxc6 bxc6 21. Rb1 Nd7 22.
Qd2 e5 23. e4 exd4 24. Nxd4 dxe4 25. Rgc1 Nxc5 26. Nxc6 Qd7 27. Qxd7 Bxd7 28.
Bb5 Nd3 29. Rc2 Bg4 30. Kg1 Bf3 31. Nd5 Nf5 32. Nb6 Raf8 33. Nxa5 Nd4 34. Rc8
Ne2+ 35. Kf1 Nexf4 36. Nac4 Be2+ 37. Kg1 Nh3+ 38. Kg2 Ndf4+ 39. Kg3 Rxc8 40.
Nxc8 h5 41. N4d6 g5 42. f3 Bxf3 0-1

[Event "Thüringenliga 2015/2016"]
[Site "?"]
[Date "2016.03.13"]
[Round "7"]
[White "Eichelmann, Andre"]
[Black "Gläßl, Matthias"]
[Result "0-1"]
[WhiteElo "1901"]
[BlackElo "2024"]
[PlyCount "72"]
[EventDate "2016.??.??"]
[WhiteTeam "SC Suhl"]
[BlackTeam "ESV Gera"]

1. d4 Nf6 2. c4 e6 3. Nc3 Bb4 4. Bf4 b6 5. e3 Bb7 6. Nf3 O-O 7. h3 Bxc3+ 8.
bxc3 Ne4 9. Qc2 d6 10. Be2 Nd7 11. a4 a5 12. O-O Qe7 13. Rab1 e5 14. Bh2 Ng5
15. Qf5 Nxf3+ 16. Bxf3 e4 17. Be2 Bc6 18. Bd1 g6 19. Qg4 Kg7 20. Bg3 f5 21. Qe2
Rac8 22. Bb3 h6 23. Rbe1 Bb7 24. f3 Nf6 25. Bh4 g5 26. Bg3 exf3 27. gxf3 Rce8
28. Qd3 Bc8 29. Bc2 Nh5 30. Bh2 Kh8 31. e4 Nf4 32. Bxf4 gxf4 33. Kh2 Qh4 34.
Rg1 Rg8 35. Rxg8+ Rxg8 36. Rg1 Qf2+ 0-1

[Event "Thüringenliga 2015/2016"]
[Site "?"]
[Date "2016.03.13"]
[Round "7"]
[White "Hilbig, Dieter"]
[Black "Berghof, Axel"]
[Result "0-1"]
[WhiteElo "1880"]
[BlackElo "2046"]
[PlyCount "54"]
[EventDate "2016.??.??"]
[WhiteTeam "ESV Gera"]
[BlackTeam "SC Suhl"]

1. e4 c6 2. d4 d5 3. exd5 cxd5 4. Bd3 g6 5. c3 Bg7 6. Nf3 Nh6 7. Bf4 f6 8. h4
Nc6 9. Qc2 Bf5 10. Nbd2 Qd7 11. Bxf5 Nxf5 12. Nb3 b6 13. Nc1 e5 14. dxe5 fxe5
15. Bg5 h6 16. Bd2 e4 17. Ng1 O-O 18. Nce2 Rac8 19. Qb3 Kh7 20. Nh3 Na5 21. Qd1
Nc4 22. Bc1 e3 23. f3 Nxh4 24. O-O Nxf3+ 25. Rxf3 Rxf3 26. gxf3 Qxh3 27. Qxd5
Rc5 0-1

[Event "Thüringenliga 2015/2016"]
[Site "?"]
[Date "2016.03.13"]
[Round "7"]
[White "Feld-Gerdes, Wolfgang"]
[Black "Steinmüller, Johannes"]
[Result "1/2-1/2"]
[WhiteElo "2048"]
[BlackElo "1722"]
[PlyCount "90"]
[EventDate "2016.??.??"]
[WhiteTeam "SC Suhl"]
[BlackTeam "ESV Gera"]

1. e4 c5 2. Nc3 Nc6 3. f4 g6 4. Nf3 Bg7 5. Bb5 Nd4 6. O-O e6 7. Nxd4 Bxd4+ 8.
Kh1 a6 9. Bd3 d6 10. Ne2 Bg7 11. c3 Ne7 12. Bc2 O-O 13. d4 cxd4 14. Nxd4 Nc6
15. Be3 Nxd4 16. Bxd4 d5 17. Bxg7 Kxg7 18. Qd4+ Qf6 19. e5 Qe7 20. Rf3 h5 21.
Rg1 Rh8 22. g3 b5 23. Bd3 Bb7 24. Rgf1 Rac8 25. f5 exf5 26. e6+ Qf6 27. exf7
Qxd4 28. cxd4 Kxf7 29. h3 Kg7 30. Kg2 Rhf8 31. Rf4 Rce8 32. g4 hxg4 33. hxg4
fxg4 34. Rxg4 Rxf1 35. Rxg6+ Kf7 36. Kxf1 Re3 37. Bc2 Rf3+ 38. Ke2 Rf6 39. Rg2
b4 40. Rh2 Ke6 41. Rh7 Rf7 42. Rxf7 Kxf7 43. Ke3 Ke6 44. Kf4 a5 45. Bd3 Bc6
1/2-1/2

[Event "Thüringenliga 2015/2016"]
[Site "?"]
[Date "2016.03.13"]
[Round "7"]
[White "Liebold, Aaron"]
[Black "Müller, Bernd"]
[Result "1/2-1/2"]
[WhiteElo "1567"]
[BlackElo "1704"]
[PlyCount "74"]
[EventDate "2016.??.??"]
[WhiteTeam "ESV Gera"]
[BlackTeam "SC Suhl"]

1. e4 d5 2. exd5 Qxd5 3. Nc3 Qa5 4. d4 Nf6 5. Bc4 Bg4 6. f3 Bh5 7. Nge2 Nc6 8.
Bd2 Qb4 9. b3 Qd6 10. Bf4 Qd7 11. Qd2 a6 12. a4 e6 13. d5 Nb4 14. O-O-O exd5
15. Nxd5 Nbxd5 16. Bxd5 Ba3+ 17. Kb1 c6 18. Qe3+ Qe7 19. Qxe7+ Bxe7 20. Bc4 b5
21. axb5 axb5 22. Bd3 O-O 23. Nd4 Ra6 24. Nf5 Bb4 25. Bd2 Bxd2 26. Rxd2 Rfa8
27. Rhd1 Nd5 28. b4 Nc3+ 29. Kb2 Nxd1+ 30. Rxd1 Ra2+ 31. Kc3 R2a3+ 32. Kd4 Kf8
33. Kc5 Rc3+ 34. Kb6 Rd8 35. Ra1 f6 36. Ra7 Bf7 37. Ne3 Bg6 1/2-1/2

[Event "Thüringenliga 2015/2016"]
[Site "?"]
[Date "2016.03.13"]
[Round "7"]
[White "Koch, Stefan"]
[Black "Küffner, Rolf"]
[Result "1-0"]
[WhiteElo "1902"]
[BlackElo "1782"]
[PlyCount "37"]
[EventDate "2016.??.??"]
[WhiteTeam "SC Suhl"]
[BlackTeam "ESV Gera"]

1. e4 c5 2. Nf3 e6 3. Nc3 d5 4. Bb5+ Nc6 5. exd5 exd5 6. Qe2+ Be7 7. O-O Nf6 8.
Re1 Bg4 9. d3 Rc8 10. Bg5 Be6 11. Ne5 O-O 12. Bxc6 bxc6 13. Nxf7 Rxf7 14. Qxe6
Qc7 15. Bh4 Rcf8 16. Bg3 Qb6 17. Nd1 d4 18. Qb3 Qa5 19. Rxe7 1-0

[Event "Thüringenliga 2015/2016"]
[Site "?"]
[Date "2016.03.13"]
[Round "7"]
[White "Kirschner, Torsten"]
[Black "Will, Ralph"]
[Result "1/2-1/2"]
[WhiteElo "1640"]
[BlackElo "1735"]
[PlyCount "100"]
[EventDate "2016.??.??"]
[WhiteTeam "ESV Gera"]
[BlackTeam "SC Suhl"]

1. d4 Nf6 2. c4 e6 3. g3 d5 4. Bg2 c6 5. Nf3 Be7 6. O-O O-O 7. Nc3 b6 8. cxd5
cxd5 9. Ne5 Bb7 10. Re1 Nbd7 11. Nd3 Rc8 12. Bf4 Re8 13. e4 dxe4 14. Nxe4 Nxe4
15. Bxe4 Bxe4 16. Rxe4 Nf6 17. Re2 Qxd4 18. Be5 Qd7 19. Rd2 Qb7 20. Qe2 Red8
21. Re1 Rd5 22. Qf3 Qd7 23. Bc3 Qe8 24. Rc2 Rf5 25. Qb7 Qd7 26. Qxd7 Nxd7 27.
Rec1 h6 28. Kg2 g5 29. Kf1 Rd5 30. Ke2 f6 31. Ke3 Kf7 32. a3 Bc5+ 33. Ke2 Bd6
34. Ke3 e5 35. Rd2 Ke6 36. Ke2 e4 37. Ne1 Rxd2+ 38. Bxd2 Rxc1 39. Bxc1 f5 40.
Nc2 Be5 41. Nb4 Nc5 42. Nc6 Nd3 43. Be3 f4 44. Bd4 Kd5 45. Bxe5 Kxc6 46. Bg7
Kd5 47. Bxh6 f3+ 48. Ke3 g4 49. Bg7 b5 50. Bc3 a6 1/2-1/2

[Event "Thüringenliga 2015/2016"]
[Site "?"]
[Date "2016.03.13"]
[Round "7"]
[White "Kölsch, Maximilian"]
[Black "Steinacker, Alex"]
[Result "1/2-1/2"]
[WhiteElo "2192"]
[BlackElo "2177"]
[PlyCount "63"]
[EventDate "2016.??.??"]
[WhiteTeam "SV Schott Jena"]
[BlackTeam "Erfurter Schachklub"]

1. Nf3 c5 2. c4 Nc6 3. Nc3 g6 4. g3 Bg7 5. Bg2 e5 6. O-O Nge7 7. e4 O-O 8. d3
a6 9. a3 Rb8 10. Rb1 b5 11. cxb5 axb5 12. b4 cxb4 13. axb4 d6 14. h3 h6 15. Be3
Nd4 16. Bxd4 exd4 17. Ne2 Qb6 18. Nf4 Bb7 19. h4 Rbc8 20. Bh3 Rc3 21. Re1 Bc8
22. Bxc8 Rfxc8 23. Ra1 Be5 24. Nd5 Nxd5 25. exd5 Bf6 26. h5 gxh5 27. Nh2 h4 28.
Qf3 Qd8 29. Ra7 R3c7 30. Rxc7 Rxc7 31. Ng4 Bg7 32. gxh4 1/2-1/2

[Event "Thüringenliga 2015/2016"]
[Site "?"]
[Date "2016.03.13"]
[Round "7"]
[White "Dreyer, Michael"]
[Black "Brüggemann, Joachim"]
[Result "0-1"]
[WhiteElo "2082"]
[BlackElo "2203"]
[PlyCount "100"]
[EventDate "2016.??.??"]
[WhiteTeam "SV Schott Jena"]
[BlackTeam "Erfurter Schachklub"]

1. e4 c5 2. d3 d5 3. Nd2 Nc6 4. g3 Nf6 5. Bg2 e6 6. Ngf3 Be7 7. O-O O-O 8. Re1
b5 9. e5 Nd7 10. Nf1 b4 11. h4 a5 12. N1h2 a4 13. Bf4 Qe8 14. Ng5 a3 15. b3 Nd4
16. Rc1 Ra6 17. Qh5 h6 18. Nh3 f5 19. Qxe8 Rxe8 20. c4 bxc3 21. Rxc3 Bd8 22. b4
Ra4 23. Nf3 Nb5 24. Rc2 Rxb4 25. Bd2 Ra4 26. Rb1 Ba6 27. Bf1 Kf7 28. h5 Be7 29.
Nf4 Rb8 30. Re1 Nc7 31. Bc1 Bb7 32. Bh3 d4 33. Nd2 Nd5 34. Bxf5 Nxf4 35. gxf4
exf5 36. e6+ Ke8 37. exd7+ Kxd7 38. Nc4 Bd5 39. Nxa3 Rba8 40. Re5 Bg8 41. Nc4
Bxc4 42. dxc4 Rxa2 43. Ree2 Rxc2 44. Rxc2 Ra1 45. Kg2 Bf6 46. Bb2 Ra2 47. Rd2
Kc6 48. Kf3 Ra4 49. Rc2 d3 50. Rd2 Bxb2 0-1

[Event "Thüringenliga 2015/2016"]
[Site "?"]
[Date "2016.03.13"]
[Round "7"]
[White "Krüger, Rainer"]
[Black "Brömel, Richard"]
[Result "1/2-1/2"]
[WhiteElo "2068"]
[BlackElo "2064"]
[PlyCount "33"]
[EventDate "2016.??.??"]
[WhiteTeam "Erfurter Schachklub"]
[BlackTeam "SV Schott Jena"]

1. Nf3 d5 2. d4 Nf6 3. c4 e6 4. g3 Be7 5. Bg2 O-O 6. O-O Nbd7 7. Nc3 dxc4 8. e4
c6 9. a4 b6 10. Qe2 a5 11. Rd1 Ba6 12. Bf4 Re8 13. Ne5 Nxe5 14. Bxe5 Qc8 15. g4
Nd7 16. Bg3 e5 17. d5 1/2-1/2